000 00717nam a2200181Ia 4500
008 090124s9999 xx 000 0 und d
082 _b31357
_a743
100 _aभावसार सं. ना.
245 _a आरोग्याची गुरुकिल्ली (दिशा - काल - गती)
250 _a1
260 _c2000
300 _a115+8
600 _aभावसार सं. ना.
630 _a आरोग्याची गुरुकिल्ली (दिशा - काल - गती)
700 _aभावसार सं. ना.
730 _a आरोग्याची गुरुकिल्ली (दिशा - काल - गती)
942 _cBOOK
999 _c144836
_d144836